000 00721nas a2200241 4500
001 BR7307648
003 BR-BrBNA
005 20231205082633.0
007 ta
008 230509b bl.|||p| |||| 00| 00por d
040 _aBR-BrBNA
_bpor
_cBiblioteca Nacional de Agricultura
041 _a(Pt)
072 _aQ20
100 1 _aDelazari, I.
100 1 _aLeitao, M.F.F.
245 1 _aStaphylococcus aureus enteropatogenico em macarrao [Brasil]
650 _aMACARRAO
650 _aBACTERIA
650 _aCONTAMINACAO BACTERIANA
773 0 _tColetanea do Instituto de Tecnologia de Alimentos (Brazil)
_x
_g(1976), v. 7(pt. 2) p. 485-497
_wBR7307648
909 _a202311
_bLúcia
_c55
_dLúcia Elande
942 _2AGRIS
_n0
_cANA
999 _c93403
_d93403